00275nam a2200121Ia 45000030006000000080041000060400015000471000024000622450029000862600009001155460012001240050017001360STCL150530s9999 xx 000 0 und d aSTCLcSTCL aHayford, H.; Editor aClassic American writers c1962 aEnglish20220125171344.0